| 000 -LEADER |
| fixed length control field |
00785nam a2200241Ia 4500 |
| 001 - CONTROL NUMBER |
| control field |
1878 |
| 003 - CONTROL NUMBER IDENTIFIER |
| control field |
GE_BSU |
| 005 - DATE AND TIME OF LATEST TRANSACTION |
| control field |
20221007153755.0 |
| 008 - FIXED-LENGTH DATA ELEMENTS--GENERAL INFORMATION |
| fixed length control field |
181216s2007ru xx |||||||||||||| ||rus|| |
| 020 ## - INTERNATIONAL STANDARD BOOK NUMBER |
| International Standard Book Number |
9785482015599 |
| 040 ## - CATALOGING SOURCE |
| Transcribing agency |
GE_BSU |
| 041 ## - LANGUAGE CODE |
| Language code of text/sound track or separate title |
rus |
| 080 ## - UNIVERSAL DECIMAL CLASSIFICATION NUMBER |
| Universal Decimal Classification number |
343.98(075.8) К-82 |
| 100 ## - MAIN ENTRY--PERSONAL NAME |
| Personal name |
Богуш,Г.И.[и др] |
| 9 (RLIN) |
15154 |
| 245 ## - TITLE STATEMENT |
| Title |
Криминология / |
| Statement of responsibility, etc. |
Г.И. Богуш; [и др] Под. ред.Н.Ф.Кузнецовой. |
| 264 ## - PRODUCTION, PUBLICATION, DISTRIBUTION, MANUFACTURE, AND COPYRIGHT NOTICE |
| Place of production, publication, distribution, manufacture |
Москва : |
| Name of producer, publisher, distributor, manufacturer |
Проспект, |
| Date of production, publication, distribution, manufacture, or copyright notice |
2007. |
| 300 ## - PHYSICAL DESCRIPTION |
| Extent |
327 с.: |
| Other physical details |
21см. |
| 653 ## - INDEX TERM--UNCONTROLLED |
| keyword |
Криминология |
| 653 ## - INDEX TERM--UNCONTROLLED |
| keyword |
კრიმინოლოგია |
| 653 ## - INDEX TERM--UNCONTROLLED |
| keyword |
სამართალი |
| 700 ## - ADDED ENTRY--PERSONAL NAME |
| Personal name |
Кузнецовой, Н.Ф. |
| Relator term |
რედაქტორი |
| 9 (RLIN) |
15155 |
| 942 ## - ADDED ENTRY ELEMENTS (KOHA) |
| Koha item type |
წიგნი |
| Source of classification or shelving scheme |
|